Experimental Physical Chemistry
| Main Authors: | , |
|---|---|
| Format: | Section = Libro |
| Language: | Undetermined Spanish |
| Published: |
New York
McGraw-Hill
1970
|
| Edition: | 6a.ed. |
| Subjects: |
| LEADER | 00510nam a2200205Ia 4500 | ||
|---|---|---|---|
| 008 | 240830s9999 xx 000 0 und d | ||
| 040 | |a CEDOC FIQ-RUSB / 539 F246 | ||
| 041 | |a spa | ||
| 082 | |a 539 F246 | ||
| 100 | 1 | |a Farrinton, Daniels | |
| 100 | 1 | |b Alberty, Robert A. | |
| 245 | 1 | 0 | |a Experimental Physical Chemistry |
| 250 | |a 6a.ed. | ||
| 260 | |a New York |b McGraw-Hill |c 1970 | ||
| 300 | |a 669 p.: il. | ||
| 650 | 7 | |a FISICOQUIMICA | |
| 650 | 7 | |b DENSIDAD DE GAS | |
| 942 | |c BK |2 ddc | ||
| 991 | |a TEXTO | ||
| 999 | |c 13358 | ||